Manual mínimo del actor / (Record no. 16507)

MARC details
000 -LEADER
campo de control de longitud fija 00835nam a2200277 i 4500
001 - NÚMERO DE CONTROL
campo de control 16507
003 - IDENTIFICADOR DE NÚMERO DE CONTROL
campo de control ES-MaACL
005 - FECHA Y HORA DE LA ÚLTIMA TRANSACCIÓN
campo de control 20260427225925.0
007 - CAMPO FIJO DE DESCRIPCIÓN FÍSICA--INFORMACIÓN GENERAL
campo de control de longitud fija t|
008 - DATOS DE LONGITUD FIJA--INFORMACIÓN GENERAL
campo de control de longitud fija 001013s1998 sp ||||1| spa d
020 ## - NÚMERO INTERNACIONAL ESTÁNDAR DEL LIBRO
Número Internacional Estándar del Libro 84-89753-11-3
080 ## - NÚMERO DE LA CLASIFICACIÓN DECIMAL UNIVERSAL
Número de la Clasificación Decimal Universal 792.08
100 1# - ENTRADA PRINCIPAL--NOMBRE DE PERSONA
Nombre de persona Fo, Dario,
Fechas asociadas al nombre 1926-2016
9 (RLIN) 243030
245 10 - MENCIÓN DEL TÍTULO
Título Manual mínimo del actor /
Mención de responsabilidad, etc. Dario Fo ; nueva edición revisada por Franca Rame ; traducción: Carla Matteini.
260 ## - PUBLICACIÓN, DISTRIBUCIÓN, ETC.
Lugar de publicación, distribución, etc. Hondarribia :
Nombre del editor, distribuidor, etc. Hiru,
Fecha de publicación, distribución, etc. [1998]
300 ## - DESCRIPCIÓN FÍSICA
Extensión 478 p. ;
Dimensiones 20 cm.
490 1# - MENCIÓN DE SERIE
Mención de serie Skene ;
Designación de volumen o secuencia 13
650 17 - PUNTO DE ACCESO ADICIONAL DE MATERIA--TÉRMINO DE MATERIA
Término de materia o nombre geográfico como elemento de entrada Arte dramático
Fuente del encabezamiento o término embne
9 (RLIN) 10180
655 #0 - TERMINO DE INDIZACIÓN--GENERO/FORMA
Datos o término principal de género/forma Ensayos
9 (RLIN) 176636
700 1# - ENTRADA AGREGADA--NOMBRE PERSONAL
Nombre de persona Rame, Franca.
9 (RLIN) 95076
700 1# - ENTRADA AGREGADA--NOMBRE PERSONAL
Nombre de persona Matteini, Carla.
9 (RLIN) 79113
830 0# - PUNTO DE ACCESO ADICIONAL DE SERIE-TÍTULO UNIFORME
Título uniforme Skene ;
Designación de volumen o secuencia 13
9 (RLIN) 228656
852 ## - LOCALIZACIÓN
Ubicación ES-MaACL
Número de control de estantería L-23729
Sublocalización o colección R.128749
942 ## - ELEMENTOS DE ENTRADA SECUNDARIOS (KOHA)
Fuente del sistema de clasificación o colocación Clasificación decimal universal
Holdings
Estatus retirado Estado de pérdida Estado de daño No para préstamo Biblioteca de origen Biblioteca actual Ubicación en estantería Fecha de adquisición Fuente de adquisición Total de préstamos Signatura topográfica completa Código de barras Visto por última vez Precio de reemplazo Tipo de ítem Koha
        Biblioteca del Ateneo de Madrid Biblioteca del Ateneo de Madrid Depósito 2 17/01/2008     L-23729 1016769 23/02/2023 23/02/2023 Libro impreso